000 01335nam a2200253 a 4500
001 1900856
003 AM-YEHGA
005 20260223134049.0
008 230503s ai a||||||||||||||0|arm|d
040 _aAM-YeHGA
041 1 _aarm
_hfre
100 1 _aՍարգսյան, Ռուբեն
_91067
245 1 0 _aԷրեբունուց Թեյշեբաինի եռաչափ վերակազմությունների պատկերագիրք =
_bD'Erebuni à Teichebaini 3D /
_cՌուբեն Սարգսյան ; ֆրանս. թարգմ.՝ Ստեֆան Դեշմապ, Ռոզա Ալեքսանյան և ուրիշ. ; ՀՀ ԳԱԱ Հնագիտ. և ազգագր. ին-տ, «Էրեբունի» պատմահնագիտ. արգելոց-թանգարան.
246 1 5 _aD'Erebuni à Teichebaini 3D
260 _aԵրևան :
_bԷդիտ Պրինտ,
_cԱ. թ.
300 _a21 էջ :
_bնկ.
650 1 0 _aՀայոց պատմություն
700 1 _aԴեշմապ, Ստեֆան
_eթարգմ.
_4trl
700 1 _aԱլեքսանյան, Ռոզա
_eթարգմ.
_4trl
710 1 _aՀՀ գիտությունների ազգային ակադեմիա :
_bՀնագիտության և ազգագրության ինստիտուտ
710 2 _a«Էրեբունի» պատմահնագիտական արգելոց-թանգարան
942 _2udc
_cBK
_01
090 _c565977
999 _c527835
_d527835